000
00291pam a2200121 a 4500
020
_c
041
_h
082
_a
708
_b
SHI
245
_a
Nalini Malini Cassandrs Gift
_h
Textual Documents
260
_a
[s.l]:
_b
Vadhera Art Gallery , Delhi,
_c
2014.
300
_a
30:
_b
paper.
930
_a
7007
999
_c
240797
_d
240797